000 00440nam a22001217a 4500
999 _c10208
_d10208
003 OSt
008 201218b ||||| |||| 00| 0 eng d
245 _aIEEMA Journal
250 _a2013(Jul Vol.4 No.11, Aug Vol.4 No.12, Sep Vol.5 No.1, Oct Vol.5 No.2, Nov Vol.5 No.3, Dec Vol.5 No.4)
260 _aMumbai
_bIndian Electrical and Electronics Manufacturers Association
650 _aElectronics and Communication Engineering
942 _2ddc
_cBV